00626nam a2200157 a 450000100100000000500170001000800410002704000250006808200140009324500800010726001160018730000270030304900090033095201120033999900170045100002882320200930055147.0110412s2002 dr a 000 0 spa d aDO-SdBNPbspacBNPHU axxxbM53300aMemorial de doctorado honoris causa al honorable Fernando Henrique Cardoso. aQuito, Ecuador :bFacultad Latinoamericano de Ciencias Sociales (FLACSO),c2002eSanto DomingofAmigo del Hogar a37 p. :bil. ;c28 cm. aBNPD 0010718PDaPDbPDcCTd2011-04-12iLF1l0oxxx M533p28823-10r2020-06-25w2020-06-25yLFPDZNo se presta c28315d28315